| 000 | 00598nam a22001817a 4500 | ||
|---|---|---|---|
| 003 | OSt | ||
| 005 | 20120302151733.0 | ||
| 008 | 091127t xxu||||| |||| 00| 0 eng d | ||
| 035 | _a१७२८१ | ||
| 040 | _cमराठी | ||
| 100 |
_aफतेहअली, लईक _910592 |
||
| 245 | _aअशी आपली पृथ्वी | ||
| 250 | _a२ री | ||
| 260 |
_aदिल्ली _bनॅशनल बुक ट्रस्ट _c१९९९ |
||
| 300 | _b६४ पाने | ||
| 700 |
_aभालेराव, सुधाकर - अनु. _910593 |
||
| 942 |
_2ddc _cBOOK |
||
| 999 |
_c495277 _d495274 |
||